| 000 | 00780nam a22002657a 4500 | ||
|---|---|---|---|
| 001 | BR7400924 | ||
| 003 | BR-BrBNA | ||
| 005 | 20240307143829.0 | ||
| 007 | ta | ||
| 008 | 230509b bl.||||| |||| 00| 0 por d | ||
| 040 |
_aBR-BrBNA _bpor _cBiblioteca Nacional de Agricultura |
||
| 041 | _a(Por) | ||
| 072 |
_aF00 _b0430 |
||
| 100 | 1 | _aCalmon, M. | |
| 110 | 1 |
_aSociedade Nacional de Agricultura, Rio de Janeiro, GB (Brasil) _99932 |
|
| 245 | 1 |
_aA utilidade da Conferencia Algodoeira _bEntrevista |
|
| 260 | 3 |
_aRio de Janeiro, GB (Brasil): _c1916. |
|
| 300 | _a16 p. | ||
| 650 | _aALGODAO | ||
| 650 | _aLAVOURA | ||
| 650 | _aINDUSTRIA | ||
| 650 | _aCOMERCIO | ||
| 856 | _uhttps://archive.org/details/utilidadedaconfe1916soci/page/n5/mode/2up?view=theater | ||
| 942 |
_cBK _2AGRIS |
||
| 999 |
_c19651 _d19651 |
||